[Event "Parana-ch"]
[Site "Curitiba"]
[Date "2013.01.27"]
[Round "9"]
[White "Palozi, Paulo Ricardo"]
[Black "Cruz, William Ferreira Da"]
[Result "1/2-1/2"]
[WhiteElo "2194"]
[BlackElo "2182"]
[PlyCount "29"]
[EventDate "2013.01.22"]
[EventType "swiss"]
[EventRounds "9"]
[EventCountry "BRA"]
[SourceTitle "CBM 152 Extra"]
[Source "ChessBase"]
[SourceDate "2013.02.25"]
[SourceVersion "1"]
[SourceVersionDate "2013.02.25"]
[SourceQuality "1"]

1. d4 Nf6 2. c4 g6 3. Nc3 Bg7 4. e4 d6 5. Nf3 0-0 6. Be2 Nbd7 7. 0-0 e5 8. Re1 c6 9. h3 a5 10. Be3 exd4 11. Bxd4 Re8 12. Qc2 Ne5 13. Rad1 Qe7 14. Na4 Nfd7 15. Qd2 1/2-1/2

[Event "Parana-ch"]
[Site "Curitiba"]
[Date "2013.01.25"]
[Round "6"]
[White "Ribeiro Utiyama, Marcel Heimar"]
[Black "Palozi, Paulo Ricardo"]
[Result "0-1"]
[WhiteElo "2145"]
[BlackElo "2194"]
[PlyCount "118"]
[EventDate "2013.01.22"]
[EventType "swiss"]
[EventRounds "9"]
[EventCountry "BRA"]
[SourceTitle "CBM 152 Extra"]
[Source "ChessBase"]
[SourceDate "2013.02.25"]
[SourceVersion "1"]
[SourceVersionDate "2013.02.25"]
[SourceQuality "1"]

1. e4 e5 2. Nf3 Nc6 3. Bb5 a6 4. Ba4 Nf6 5. 0-0 b5 6. Bb3 Be7 7. d3 0-0 8. a4 b4 9. Nbd2 Bc5 10. Nc4 d6 11. Be3 Nd7 12. c3 Bxe3 13. Nxe3 Rb8 14. d4 Na5 15. Bc2 c5 16. dxe5 dxe5 17. Qe2 Qc7 18. Nd5 Qa7 19. Rfd1 bxc3 20. bxc3 c4 21. Qd2 Re8 22. Qg5 f6 23. Qg3 Kh8 24. Nh4 Nf8 25. Rab1 Be6 26. Qf3 Nd7 27. Qh5 Kg8 28. Qf3 Nc5 29. Qe3 Rbc8 30. Rb4 Qf7 31. Nf3 Red8 32. Nb6 Rxd1+ 33. Bxd1 Rd8 34. Be2 Nd3 35. Rb1 Qc7 36. Nd2 Rd6 37. Na8 Qd8 38. Nb6 g6 39. h3 Kg7 40. Kh2 Qc7 41. Kg1 Nf4 42. Bf1 Rc6 43. Rb4 Nd3 44. Nd5 Bxd5 45. Bxd3 cxd3 46. exd5 Rxc3 47. Ne4 Nc4 48. Qf3 Rc1+ 49. Kh2 f5 50. d6 Nxd6 51. Ng5 Kf6 52. Qe3 Rc4 53. Rb6 Rd4 54. f4 Rxf4 55. Nxh7+ Kg7 56. Qxe5+ Kxh7 57. Rxd6 Re4 58. Qd5 d2 59. h4 d1Q 0-1

[Event "Parana-ch"]
[Site "Curitiba"]
[Date "2013.01.23"]
[Round "2"]
[White "Da Silva, Lucas Henrique Lins"]
[Black "Palozi, Paulo Ricardo"]
[Result "0-1"]
[WhiteElo "2050"]
[BlackElo "2194"]
[PlyCount "82"]
[EventDate "2013.01.22"]
[EventType "swiss"]
[EventRounds "9"]
[EventCountry "BRA"]
[SourceTitle "CBM 152 Extra"]
[Source "ChessBase"]
[SourceDate "2013.02.25"]
[SourceVersion "1"]
[SourceVersionDate "2013.02.25"]
[SourceQuality "1"]

1. Nf3 d5 2. d4 Nf6 3. c4 c6 4. cxd5 cxd5 5. Nc3 Nc6 6. Bf4 Bg4 7. e3 g6 8. h3 Bxf3 9. Qxf3 Qb6 10. Rb1 Bg7 11. Bb5 0-0 12. 0-0 Rac8 13. Bxc6 Qxc6 14. Be5 Ne4 15. Bxg7 Nd2 16. Qe2 Nxb1 17. Bxf8 Nxc3 18. bxc3 Kxf8 19. Rb1 b6 20. Rb3 Qa4 21. Qb2 Qc4 22. Ra3 Rc7 23. Qb3 Qc6 24. Ra6 Qb7 25. Ra4 Qc6 26. Ra6 h5 27. h4 Kg7 28. Qa3 Qb7 29. g3 f6 30. Kh2 g5 31. hxg5 fxg5 32. Kg1 h4 33. Ra4 a5 34. Qb3 Qc6 35. e4 hxg3 36. fxg3 Qxc3 37. Qxc3 Rxc3 38. Kf2 e6 39. e5 g4 40. Kg2 Kf7 41. Kf2 Ke7 0-1

[Event "Curitiba CC 75 years"]
[Site "Curitiba"]
[Date "2013.01.20"]
[Round "6"]
[White "Souza, Adwilhans Luciano"]
[Black "Palozi, Paulo Ricardo"]
[Result "1-0"]
[WhiteElo "2335"]
[BlackElo "2194"]
[PlyCount "57"]
[EventDate "2013.01.18"]
[EventType "swiss"]
[EventRounds "6"]
[EventCountry "BRA"]
[SourceTitle "EXT 2014"]
[Source "ChessBase"]
[SourceDate "2013.11.20"]
[SourceVersion "1"]
[SourceVersionDate "2013.11.20"]
[SourceQuality "1"]

1. e4 e5 2. Nf3 Nc6 3. Bc4 Nf6 4. Ng5 d5 5. exd5 b5 6. Bf1 Nxd5 7. Bxb5 Bb7 8. d4 Be7 9. Nf3 e4 10. Ne5 Qd6 11. 0-0 0-0 12. Bxc6 Bxc6 13. c4 Nb4 14. a3 Nd3 15. Nxd3 exd3 16. Qxd3 Bf6 17. d5 Rab8 18. Nc3 Bd7 19. b4 Qe5 20. Bb2 Qh5 21. Nd1 Bf5 22. Qg3 Bxb2 23. Nxb2 Rb6 24. Nd3 Qe2 25. Ne5 Rh6 26. Rfe1 Qb2 27. Nc6 Kh8 28. Qxc7 Qd2 29. Qe5 1-0

[Event "Curitiba CC 75 years"]
[Site "Curitiba"]
[Date "2013.01.19"]
[Round "4"]
[White "Boeira, Dimitri Ariel Pires"]
[Black "Palozi, Paulo Ricardo"]
[Result "0-1"]
[WhiteElo "1630"]
[BlackElo "2194"]
[PlyCount "64"]
[EventDate "2013.01.18"]
[EventType "swiss"]
[EventRounds "6"]
[EventCountry "BRA"]
[SourceTitle "EXT 2014"]
[Source "ChessBase"]
[SourceDate "2013.11.20"]
[SourceVersion "1"]
[SourceVersionDate "2013.11.20"]
[SourceQuality "1"]

1. d4 d5 2. c4 e5 3. dxe5 d4 4. Nf3 Nc6 5. a3 Nge7 6. e3 Bg4 7. Be2 d3 8. Qxd3 Qxd3 9. Bxd3 0-0-0 10. Be2 Ng6 11. Nc3 Na5 12. b4 Nb3 13. Rb1 Nxc1 14. Rxc1 a5 15. c5 Be7 16. bxa5 Kb8 17. Nb5 Bxf3 18. gxf3 Nxe5 19. Nd4 c6 20. 0-0 Rd5 21. Rb1 Bxc5 22. a6 b6 23. Rfd1 Rhd8 24. f4 Bxd4 25. exd4 Nd7 26. Bf3 Rd6 27. a4 Ka7 28. Be2 Nb8 29. Rb4 c5 30. Rb3 Nxa6 31. Rbd3 Nb4 32. dxc5 Rxd3 0-1